000 00461nam a2200181Ia 4500
001 20558
005 20260306172814.0
008 260306t2022||||xx |||||||||||||| ||spa||
041 _aESP
082 _a343.4
_bG24 T. 2
100 _aGarcía Toma, Víctor
_eAUT
245 0 _aCódigo procesal constitucional comentado:
_bley N° 31307
260 _c2022
300 _a991 páginas :
_c25 cm.
650 _aGEN
654 _aCDE
942 _cLIB
_dJUS
_fJUS
_2ddc
_n
999 _c20558
_d20558